Normal view
MARC view
- Toll roads
Entry Topical Term
001 - CONTROL NUMBER
- control field: 21623
003 - CONTROL NUMBER IDENTIFIER
- control field: NUST
005 - DATE AND TIME OF LATEST TRANSACTION
- control field: 20190926140818.0
008 - FIXED-LENGTH DATA ELEMENTS
- fixed length control field: 190926|| aca||aabn | a|a d
040 ## - CATALOGING SOURCE
- Original cataloging agency: NUST
- Transcribing agency: NUST
150 ## - HEADING--TOPICAL TERM
- Topical term or geographic name entry element: Toll roads
- Geographic subdivision: United States
- General subdivision: Finance.
670 ## - SOURCE DATA FOUND
- Source citation: Work cat.: (NUST)0: Rusch, W. A. 21621, Toll highway financing /, [1984]
